000 00926cab a22002175a 4500
001 L160226
008 190501e2019 xxk 000 0 eng d
035 _a(Sirsi) u160226
041 0 _aeng
100 1 _aParrett, Mike
245 0 0 _aWhy did that problem return?
260 _c2019
490 _aRICS Property Journal
_vJanuary-February 2019, 52-53(3)
520 _aHighlights a range of issues and problems associated with long term empty vacant properties. According to the Ministry of Housing, Communities & Local Government the latest "Dwelling Stock Estimates 2017 England" there are over 605, 891 vacant properties in England on 2 October 2017,with vacand dsellings accouting for 2.5% of England's overall dwelling stock.
590 _aNTK
651 4 _aUnited Kingdom
690 _aResidential property
_96266
690 _aCommercial property
_96227
690 _aProperty management
_96262
942 _n0
_2ddc
999 _c85194
_d85194